000 00669nam a22002057a 4500
999 _c6837
_d6837
003 AR-CdUCM
008 190319b ||||| |||| 00| 0 spa d
040 _aMUNICIPALIDAD PROVINCIAL DEL CUSCO
_cBIBLIOTECA MUNICIPAL DEL CUSCO
082 _a869.56 /
_bAD25
100 _aAdolph, José B.
_917611
245 _aInvisible para las fieras :
_bcuentos /
260 _aLima :
_bInstituto Nacional de Cultura,
_c1972.
300 _a110 páginas ;
_c17.5 cm.
500 _aDonación de la familia Nieto.
650 _aCuentos peruanos - Siglo XX
_98260
650 _aCuentos infantiles
_93927
650 _aAutores peruanos
_9731
942 _2ddc
_cLIBROS
945 _alccs